Städteraten - Russland - Statistiken

Allgemein
  • Dieses Quiz wurde 190 mal gespielt
  • Das Durchschnittsergebnis liegt bei 8 aus 15
Antwortstatistiken
Hint Antwort % Korrekt
Größte Stadt Europas und des postsowjetischen Raumes Moskau
100%
Ehemalige Hauptstadt des Zarenreiches Sankt Petersburg
98%
Bekanntestes russisches Seebad am Schwarzen Meer Sotschi
81%
Das ehemalige Stalingrad Wolgograd
75%
Metropole an der Wolga, Zentrum Tatarstans Kasan
72%
Größte Hafenstadt Russlands am Pazifik Wladiwostok
70%
Hauptstadt der russischen Exklave Kaliningrad
63%
Berühmtester Kreml am Goldenen Ring Rostow Weliki
56%
Zentrum der Raumfahrt, hieß früher Gorki Nischnij Nowgorod
54%
Stadt im Ural, der letzte Zar wurde hier erschossen Jekaterinburg
53%
Stadt an der Angara in nähe zum Baikalsee Irkutsk
37%
Größte Stadt Südrusslands Rostow am Don
35%
Wahrzeichen ist die barocke Uspenski-Kathedrale Smolensk
11%
Leningrader Stadt mit gleichnamigem Palastkomplex Gattschina
2%
Berühmteste Klosteranlage am Goldenen Ring Sergijew Possad
2%
Keine übereinstimmenden Quizze gefunden
Verteilung der Resultate
Anzahl Personen mit jedem Resultat
Perzentil nach korrekt beantworteten Fragen
Ihre Resultats-Entwicklung
Sie haben dieses Quiz noch nicht gespielt